| 000 | 00434nam a2200157Ia 4500 | ||
|---|---|---|---|
| 008 | 230711s9999||||xx |||||||||||||| ||und|| | ||
| 020 | _a978-93-5260-363-3 | ||
| 041 | _aENG | ||
| 082 |
_a320.954076 _bLA-I |
||
| 100 | _aLaxmikanth,M | ||
| 245 | 0 | _aIndian Polity : For Civil Services Examinations | |
| 250 | _a5th Ed. | ||
| 260 |
_c2017 _aNew Delhi _bMcGraw Hill Education(India) Private Limited |
||
| 650 | _aLiterature | ||
| 942 | _cBK | ||
| 999 |
_c6529 _d6529 |
||